Ethnicity and family therapy / (Record no. 3051)

000 -LEADER
fixed length control field 01568cam a22003734a 4500
001 - CONTROL NUMBER
control field 13810698
003 - CONTROL NUMBER IDENTIFIER
control field OSt
005 - DATE AND TIME OF LATEST TRANSACTION
control field 20180117085955.0
008 - FIXED-LENGTH DATA ELEMENTS--GENERAL INFORMATION
fixed length control field 041209s2005 nyu b 001 0 eng
010 ## - LIBRARY OF CONGRESS CONTROL NUMBER
LC control number 2004029338
020 ## - INTERNATIONAL STANDARD BOOK NUMBER
International Standard Book Number 1593850204 (hardcover)
040 ## - CATALOGING SOURCE
Original cataloging agency DLC
Transcribing agency DLC
Modifying agency DLC
042 ## - AUTHENTICATION CODE
Authentication code pcc
043 ## - GEOGRAPHIC AREA CODE
Geographic area code n-us---
050 00 - LIBRARY OF CONGRESS CALL NUMBER
Classification number RC451.5.A2
Item number E83 2005
082 00 - DEWEY DECIMAL CLASSIFICATION NUMBER
Classification number 362.2/089/00973
Edition number 22
245 00 - TITLE STATEMENT
Title Ethnicity and family therapy /
Statement of responsibility, etc. edited by Monica McGoldrick, Joe Giordano, Nydia Garcia-Preto.
250 ## - EDITION STATEMENT
Edition statement 3rd ed.
260 ## - PUBLICATION, DISTRIBUTION, ETC.
Place of publication, distribution, etc. New York :
Name of publisher, distributor, etc. Guilford Press,
Date of publication, distribution, etc. c2005.
300 ## - PHYSICAL DESCRIPTION
Extent xix, 796 p. ;
Dimensions 26 cm.
504 ## - BIBLIOGRAPHY, ETC. NOTE
Bibliography, etc. note Includes bibliographical references and index.
650 #0 - SUBJECT ADDED ENTRY--TOPICAL TERM
Topical term or geographic name entry element Minorities
General subdivision Mental health services
Geographic subdivision United States.
650 #0 - SUBJECT ADDED ENTRY--TOPICAL TERM
Topical term or geographic name entry element Family psychotherapy
Geographic subdivision United States.
650 #0 - SUBJECT ADDED ENTRY--TOPICAL TERM
Topical term or geographic name entry element Minorities
General subdivision Family relationships
Geographic subdivision United States.
700 1# - ADDED ENTRY--PERSONAL NAME
Personal name McGoldrick, Monica.
700 1# - ADDED ENTRY--PERSONAL NAME
Personal name Giordano, Joseph.
700 1# - ADDED ENTRY--PERSONAL NAME
Personal name Garcia-Preto, Nydia.
856 41 - ELECTRONIC LOCATION AND ACCESS
Materials specified Table of contents only
Uniform Resource Identifier <a href="http://www.loc.gov/catdir/toc/ecip054/2004029338.html">http://www.loc.gov/catdir/toc/ecip054/2004029338.html</a>
856 42 - ELECTRONIC LOCATION AND ACCESS
Materials specified Contributor biographical information
Uniform Resource Identifier <a href="http://www.loc.gov/catdir/enhancements/fy0617/2004029338-b.html">http://www.loc.gov/catdir/enhancements/fy0617/2004029338-b.html</a>
906 ## - LOCAL DATA ELEMENT F, LDF (RLIN)
a 7
b cbc
c orignew
d 1
e ecip
f 20
g y-gencatlg
942 ## - ADDED ENTRY ELEMENTS (KOHA)
Source of classification or shelving scheme
Koha item type Book
Holdings
Withdrawn status Lost status Source of classification or shelving scheme Damaged status Not for loan Collection code Permanent Location Current Location Shelving location Date acquired Total Checkouts Full call number Barcode Date last seen Price effective from Koha item type
            Central Library (CL) Central Library (CL) General Stacks 05/02/2016   362.2/089/00973 ETH S3H-S-154 05/02/2016 05/02/2016 Book
© 2023 Central Library, National University of Sciences and Technology. All Rights Reserved.